书目信息 |
| 题名: |
公路工程施工监理规范 JTJ077-95
|
|
| 作者: | 中华人民共和国交通部工程建设监理总站 主编 | |
| 分册: | ||
| 出版信息: | 北京 人民交通出版社 2000.03 |
|
| 页数: | 254页 | |
| 开本: | 32开 | |
| 丛书名: | ||
| 单 册: | ||
| 中图分类: | U415.12-65 | |
| 科图分类: | ||
| 主题词: | 道路工程 | |
| 电子资源: | ||
| ISBN: | ||
| 000 | 00717nam0 2200193 45 | |
| 001 | 1009052116 | |
| 005 | 20001212165119.2 | |
| 010 | @d26.00元 | |
| 100 | @a20100905d2000 km y0chiy0120 ea | |
| 101 | 0 | @achi |
| 105 | @a z 000yy | |
| 200 | 1 | @a公路工程施工监理规范 JTJ077-95@AGong Lu Gong ChengShi Gong Jian Li Gui Fan JTJ077-95@f中华人民共和国交通部工程建设监理总站主编@FZhong Hua Ren Min Gong He Guo Jiao Tong Bu Gong Cheng Jian She Jian Li Zong Zhan Zhu Bian |
| 210 | @a北京@c人民交通出版社@d2000.03 | |
| 215 | @a254页@d32开 | |
| 606 | 0 | @a道路工程 |
| 690 | @aU415.12-65@v3 | |
| 701 | 0 | @a中华人民共和国交通部工程建设监理总站@4主编 |
| 801 | @aCN@bPftUser@c20100905 | |
| 905 | @dU415.12-65@eZH:706-1@b307284-285@f2 | |
| 公路工程施工监理规范 JTJ077-95/中华人民共和国交通部工程建设监理总站主编.-北京:人民交通出版社,2000.03 |
| 254页;32开 |
| ISBN :26.00元 |
| ● |
| 相关链接 |
|
|
|
正题名:公路工程施工监理规范JTJ077-95
索取号:U415.12-65/ZH:706-1
 
预约/预借
| 序号 | 登录号 | 条形码 | 馆藏地/架位号 | 状态 | 备注 |
| 1 | 307284 | 203072842 | 自科库501/501自科库 52排1列5层/ [索取号:U415.12-65/ZH:706-1] | 在馆 | |
| 2 | 307285 | 203072851 | 市政与环境工程学院资料室/ [索取号:U415.12-65/ZH:706-1] | 在馆 |